গণ-দারিদ্র্যের প্রকৃতি / (Record no. 78413)
[ view plain ]
| 000 -LEADER | |
|---|---|
| fixed length control field | 01006nam a2200253 a 4500 |
| 001 - CONTROL NUMBER | |
| control field | 78413 |
| 003 - CONTROL NUMBER IDENTIFIER | |
| rucl marc code | BD-RjUL |
| 005 - DATE AND TIME OF LATEST TRANSACTION | |
| control field | 20211209083127.0 |
| 008 - FIXED-LENGTH DATA ELEMENTS--GENERAL INFORMATION | |
| fixed length control field | 210919s1981 bg ||||| |||| 00| 0 ben d |
| 035 ## - SYSTEM CONTROL NUMBER | |
| System control number | (BD-RjUL)78639 |
| 040 ## - CATALOGING SOURCE | |
| Original cataloging agency | BD-RjUL |
| Language of cataloging | eng |
| Transcribing agency | BD-RjUL |
| 041 ## - LANGUAGE CODE | |
| Language code of text/sound track or separate title | eng |
| 082 ## - DEWEY DECIMAL CLASSIFICATION NUMBER | |
| Edition number | 23 |
| Classification number | 339.46 |
| Author mark and year | GAG 1981 |
| 100 ## - MAIN ENTRY--PERSONAL NAME | |
| Personal name | গলব্রেথ, জন কেনেথ |
| 9 (RLIN) | 248159 |
| 245 ## - TITLE STATEMENT | |
| Title | গণ-দারিদ্র্যের প্রকৃতি / |
| Statement of responsibility, etc. | জন কেনেথ গলব্রেথ ; অনুবাদ : আবদুল্লাহ ফারুক |
| 260 ## - PUBLICATION, DISTRIBUTION, ETC. (IMPRINT) | |
| Place of publication, distribution, etc. | ঢাকা : |
| Name of publisher, distributor, etc. | কামালউদ্দিন আহমদ, |
| Date of publication, distribution, etc. | ১৯৮১ |
| 300 ## - PHYSICAL DESCRIPTION | |
| Pagination | ৮৫ পৃ.; |
| Size | ২২ সেমি. |
| 650 ## - SUBJECT ADDED ENTRY--TOPICAL TERM | |
| Topical term or geographic name as entry element | দারিদ্র্য |
| 9 (RLIN) | 211095 |
| Topical term or geographic name as entry element | Poverty |
| 9 (RLIN) | 248160 |
| Topical term or geographic name as entry element | উন্নয়নশীল দেশ |
| 9 (RLIN) | 248161 |
| Topical term or geographic name as entry element | Developing countries |
| 9 (RLIN) | 248162 |
| 700 ## - ADDED ENTRY--PERSONAL NAME | |
| Personal name | ফারুক, আবদুল্লাহ |
| 942 ## - ADDED ENTRY ELEMENTS (KOHA) | |
| Source of classification or shelving scheme | Dewey Decimal Classification |
| Koha item type | Books |
| Lost status | Source of classification or shelving scheme | Damaged status | Not for loan | Collection code | Permanent Location | Current Location | Shelving location | Date acquired | Source of acquisition | Cost, normal purchase price | Total Checkouts | Full call number | Date last seen | Copy number | Koha item type |
|---|---|---|---|---|---|---|---|---|---|---|---|---|---|---|---|
| Dewey Decimal Classification | Not For Loan | Non-fiction | Central Library, University of Rajshahi | Central Library, University of Rajshahi | Reading Room | 21/08/1999 | R.U.C.L | 9.50 | B 339.46 GAG 1981 | 19/09/2021 | C-1 | Books |